De la historia al cuerpo y del cuerpo a la danza : elementos metodológicos para la investigación histórica de la danza /

Na minha lista:
Detalhes bibliográficos
Autor principal: Islas, Hilda (comp. y pról.)
Formato: Livro
Idioma:espanhol
Publicado em: México : CONACULTA : Instituto Nacional de Bellas Artes, 2001, c2001
Colecção:(Conjunciones CONACULTA)
Assuntos:
Tags: Adicionar Tag
Sem tags, seja o primeiro a adicionar uma tag!

MARC

LEADER 00000nam^a2200000^a^4500
001 000161853
005 20250521000000.0
009 20260310100812.452
020 |a 970-18-4842-X 
037 |a Acervo ITESO - Biblioteca 
041 |a ESP 
082 |a 782. 18  |b ISL 
100 |a Islas, Hilda  |e (comp. y pról.) 
245 1 0 |a De la historia al cuerpo y del cuerpo a la danza :  |b elementos metodológicos para la investigación histórica de la danza /  |c Comp. y pról. de H. Islas. 
264 4 |a México :  |b CONACULTA :  |b Instituto Nacional de Bellas Artes,  |c 2001, c2001 
300 |a 586 p. 
336 |a texto  |b txt  |2 rdacontenido 
337 |a sin mediación  |b n  |2 rdamedio 
338 |a volumen  |b nc  |2 rdasoporte 
440 1 |a (Conjunciones CONACULTA) 
649 |a XX 
650 |a Danza -  |x Investigación -  |x Metodología 
650 |a Danza -  |x Historia y Crítica 
650 |a Artes Escénicas -  |x Metodología 
650 |a Artes Escénicas -  |x Historia y Crítica 
910 |a Fondo General 
920 |a Impresos - Libros 
930 |a Colección General 
905 |a 101 
901 |a 0500094331  |b IT1  |c ACC  |u 20250521 
901 |a 0500187582  |b IT1  |c ACC  |i C124006  |u 20250521 
902 |a https://opac.biblio.iteso.mx/vufind/Record/000161853